A Study to Assess the Effectiveness of Video Assisted Teaching Program Regarding Knowledge of Occolar Exercise on Visual Discomfort Among Children in Selected School of the City (Record no. 356414)

MARC details
000 -LEADER
fixed length control field 00665nam a22001577a 4500
005 - DATE AND TIME OF LATEST TRANSACTION
control field 20231025153342.0
008 - FIXED-LENGTH DATA ELEMENTS--GENERAL INFORMATION
fixed length control field 231025b |||||||| |||| 00| 0 eng d
041 ## - LANGUAGE CODE
Language code of text/sound track or separate title Eng
082 ## - DEWEY DECIMAL CLASSIFICATION NUMBER
Edition number 23
Classification number 618.92
Item number DHA
100 ## - MAIN ENTRY--PERSONAL NAME
Author Dharmik, Antara
245 ## - TITLE STATEMENT
Title A Study to Assess the Effectiveness of Video Assisted Teaching Program Regarding Knowledge of Occolar Exercise on Visual Discomfort Among Children in Selected School of the City
260 ## - PUBLICATION, DISTRIBUTION, ETC.
Place of publication, distribution, etc. Nagpur
Name of publisher, distributor, etc. Sitabai Nargundkar College of Nursing for Women ,Nagpur
Date of publication, distribution, etc. 2022
650 ## - SUBJECT ADDED ENTRY--TOPICAL TERM
Topical term or geographic name entry element Child Health Nursing
700 ## - ADDED ENTRY--PERSONAL NAME
Personal name Shende, Sushmita
-- Kuthe, Prachi
-- Gedam, Divya
-- Sonare, Neha
-- Jugade,Swati
942 ## - ADDED ENTRY ELEMENTS (KOHA)
Koha item type Dissertation
Holdings
Withdrawn status Lost status Source of classification or shelving scheme Damaged status Not for loan Home library Current library Date acquired Total Checkouts Full call number Barcode Date last seen Date last checked out Bill Date Koha item type
    Dewey Decimal Classification     Sitabai Nargundkar College of Nursing Nagpur Sitabai Nargundkar College of Nursing Nagpur 25/10/2023 2 618.92 DHA SNCN-DN-138 04/03/2026 17/02/2026 25/10/2023 Dissertation